|
|
|
|
| LEADER |
00000nab a2200000uu 4500 |
| 001 |
vtls011463271 |
| 003 |
SK-MaSNL |
| 005 |
20260303154846.0 |
| 008 |
230222|1971 xo |||||||||||||||||cze| |
| 015 |
|
|
|a SNBRB
|
| 035 |
|
|
|a (urnnbn)urn:nbn:sk:snk:ar-a0apwu
|
| 035 |
|
|
|a (uuid)072f08b1-edbc-4776-83d3-90b47a47990e
|
| 035 |
|
|
|a urn:nbn:sk:snk-abcwj2
|
| 040 |
|
|
|a SNKBUCL
|b slo
|c SNKBUCL
|e AACR2
|
| 041 |
0 |
|
|a cze
|
| 044 |
|
|
|a xo
|c SK
|
| 100 |
1 |
|
|a Tausk, Petr
|4 aut
|9 285723
|
| 245 |
1 |
0 |
|a HLAVNÍ TREND VÝVOJE VÝROBNÍHO ZAŘÍZENÍ PRO CHEMICKÝ PRŮMYSL
|c Petr Tausk
|
| 773 |
0 |
|
|t Technická práca : časopis Ústřední rady Čs. vědecko-technické společnosti
|g Roč. 23, č. 10 (1971), s. 26-30
|
| 958 |
|
|
|a OND
|
| 958 |
|
|
|a EUIPO
|
| 958 |
|
|
|a article16
|
| 999 |
|
|
|c 2037155
|d 2039085
|